[Event "SC Klein-Berlin Rheine 2 - SC Gronau 2"]
[Site "Verbandsklasse 2018/2019"]
[Date "2018.09.15"]
[Round "1.6"]
[White "Engfer, Klaus"]
[Black "Schöwer-Lingemann, Thorsten"]
[Result "0-1"]
[WhiteElo "1595"]
[BlackElo "1757"]
[PlyCount "88"]
[EventDate "2018.??.??"]
[SourceDate "2018.10.06"]

1. e4 c5 2. Nf3 Nc6 3. d4 cxd4 4. Nxd4 d6 5. Bc4 e6 6. Nc3 a6 7. O-O Be7 8. Re1
Qc7 9. Nxc6 Qxc6 10. Qe2 Nf6 11. Bb3 O-O 12. Bf4 b5 13. a3 Bb7 14. f3 Rfe8 15.
Rad1 Rad8 16. Be3 Nd7 17. Bd4 Nb6 18. e5 dxe5 19. Bxe5 Qc5+ 20. Kh1 Nc4 21.
Bxc4 Qxc4 22. Qxc4 bxc4 23. h3 Bc6 24. Rxd8 Rxd8 25. Rd1 Rxd1+ 26. Nxd1 Bc5 27.
Nc3 f6 28. Bg3 Kf7 29. Be1 f5 30. Ne2 Ba4 31. Bb4 Be3 32. g3 Bxc2 33. Kg2 Bd3
34. Kf1 e5 35. Ke1 Ke6 36. Bd2 Bxd2+ 37. Kxd2 Bxe2 38. Kxe2 Kd5 39. Ke3 g5 40.
f4 gxf4+ 41. gxf4 e4 42. h4 h5 43. Ke2 Kd4 44. Kd2 e3+ 0-1

[Event "SC Klein-Berlin Rheine 2 - SC Gronau 2"]
[Site "Verbandsklasse 2018/2019"]
[Date "2018.09.15"]
[Round "1.7"]
[White "Sprenger, Franz"]
[Black "van Dam, Hans"]
[Result "0-1"]
[WhiteElo "1685"]
[BlackElo "1527"]
[PlyCount "100"]
[EventDate "2018.??.??"]
[SourceDate "2018.10.06"]

1. e4 c5 2. f4 e6 3. Nf3 Ne7 4. Be2 Nbc6 5. O-O d6 6. c3 d5 7. d3 dxe4 8. dxe4
Qxd1 9. Rxd1 g6 10. Be3 b6 11. Na3 Bg7 12. Nb5 O-O 13. Nd6 a5 14. Bb5 Ba6 15.
Bxa6 Rxa6 16. e5 Nd5 17. Bd2 Raa8 18. a3 Rfd8 19. c4 Nde7 20. Ng5 h6 21. Nge4
Nf5 22. Nxf5 gxf5 23. Nd6 Nd4 24. Kf2 Bf8 25. Be3 Bxd6 26. Bxd4 cxd4 27. exd6
Rxd6 28. Rd3 f6 29. Rad1 Rad8 30. Rb3 Rc8 31. Rg3+ Kf7 32. b3 e5 33. Rgd3 Rcd8
34. b4 Rc8 35. Rc1 e4 36. Rh3 axb4 37. axb4 Kg7 38. Rg3+ Kh7 39. Ra3 d3 40. c5
bxc5 41. Ra7+ Kg6 42. bxc5 d2 43. Rd1 Rxc5 44. Ra2 Rc3 45. Ke2 e3 46. Ra8 Rc1
47. Re8 Rxd1 48. Kxd1 Rd3 49. Re7 Ra3 50. Rd7 Ra1+ 0-1

[Event "SC Klein-Berlin Rheine 2 - SC Gronau 2"]
[Site "Verbandsklasse 2018/2019"]
[Date "2018.09.15"]
[Round "1.8"]
[White "Schmiemann, Karlheinz"]
[Black "Schlüter, Gerhard"]
[Result "1/2-1/2"]
[WhiteElo "1369"]
[BlackElo "1658"]
[PlyCount "62"]
[EventDate "2018.??.??"]
[SourceDate "2018.10.06"]

1. e4 e5 2. Nf3 Nc6 3. Bc4 Be7 4. d3 Nf6 5. Nc3 O-O 6. O-O d6 7. h3 Na5 8. Bb3
h6 9. Bd2 Nxb3 10. axb3 Nh7 11. Nd5 f5 12. Nxe7+ Qxe7 13. exf5 Bxf5 14. Nh2 Ng5
15. Qh5 Ne6 16. Ng4 Bxg4 17. Qxg4 Kh8 18. Be3 a6 19. Ra4 Rf6 20. Qe4 c6 21. Qg4
Raf8 22. Qg3 Nf4 23. Bxf4 Rxf4 24. Qe3 c5 25. Rxf4 Rxf4 26. g3 Rf7 27. Qe4 Qe6
28. Kg2 d5 29. Qh4 g5 30. Qh5 Kg7 31. Qg4 Qxg4 1/2-1/2

[Event "SV Ibbenbüren 1 - SK Königsspringer Nor"]
[Site "Verbandsklasse 2018/2019"]
[Date "2018.09.15"]
[Round "1.1"]
[White "Sandmann, Matthias"]
[Black "Voskuhl, Jens"]
[Result "1/2-1/2"]
[WhiteElo "1757"]
[BlackElo "1914"]
[PlyCount "50"]
[EventDate "2018.??.??"]
[SourceDate "2018.10.06"]

1. Nf3 Nf6 2. g3 d5 3. Bg2 c5 4. d4 Nc6 5. O-O Bf5 6. c3 e6 7. Nbd2 Qb6 8. Nb3
c4 9. Nbd2 Bd6 10. h3 O-O 11. Nh4 Qc7 12. Nxf5 exf5 13. b3 b5 14. bxc4 bxc4 15.
Qa4 Ne4 16. Bxe4 fxe4 17. Ba3 e3 18. Bxd6 Qxd6 19. Nf3 Rae8 20. Kg2 Re6 21. Nh4
exf2 22. Rxf2 g6 23. Qc2 Rfe8 24. Re1 Qa3 25. Qd2 Re3 1/2-1/2

[Event "SV Ibbenbüren 1 - SK Königsspringer Nor"]
[Site "Verbandsklasse 2018/2019"]
[Date "2018.09.15"]
[Round "1.2"]
[White "Welp, Michael"]
[Black "Lerke, Bernd"]
[Result "1-0"]
[WhiteElo "1872"]
[BlackElo "1843"]
[PlyCount "49"]
[EventDate "2018.??.??"]
[SourceDate "2018.10.06"]

1. e4 e6 2. d4 c5 3. d5 d6 4. c4 e5 5. Nc3 Be7 6. Nf3 Nd7 7. Be2 h6 8. Be3 Bg5
9. Nxg5 hxg5 10. Qd2 f6 11. Rb1 Nh6 12. b4 b6 13. O-O Nf8 14. bxc5 bxc5 15. Rb2
Ng4 16. Rfb1 Nxe3 17. Qxe3 Ng6 18. Bd1 Bd7 19. Nb5 Ke7 20. Qa3 Rh4 21. Nxd6
Kxd6 22. Rb7 Rxe4 23. Bc2 Rxc4 24. Qa6+ Ke7 25. Bxg6 1-0

[Event "SV Ibbenbüren 1 - SK Königsspringer Nor"]
[Site "Verbandsklasse 2018/2019"]
[Date "2018.09.15"]
[Round "1.3"]
[White "Kasubke, Manfred"]
[Black "Richter, Jürgen"]
[Result "1/2-1/2"]
[WhiteElo "1846"]
[BlackElo "1900"]
[PlyCount "62"]
[EventDate "2018.??.??"]
[SourceDate "2018.10.06"]

1. e4 c5 2. Nc3 Nc6 3. Nf3 g6 4. d4 cxd4 5. Nxd4 Bg7 6. Be3 Nf6 7. Nxc6 bxc6 8.
e5 Nd5 9. Nxd5 cxd5 10. Qxd5 Rb8 11. Bc4 O-O 12. O-O-O Qc7 13. f4 d6 14. Bb3
dxe5 15. Qc5 Qxc5 16. Bxc5 Rb7 17. fxe5 Bxe5 18. g3 a5 19. Rhe1 Bf6 20. Bd4
Bxd4 21. Rxd4 Bf5 22. g4 Bc8 23. Re5 Ra7 24. Ra4 Rd8 25. Raxa5 Rxa5 26. Rxa5
Bxg4 27. Rd5 Rc8 28. Rd4 h5 29. Kd2 e5 30. Rd5 Re8 31. Ke3 Kg7 1/2-1/2

[Event "SV Ibbenbüren 1 - SK Königsspringer Nor"]
[Site "Verbandsklasse 2018/2019"]
[Date "2018.09.15"]
[Round "1.5"]
[White "Keller, Hansjürgen"]
[Black "Langer, Ralf"]
[Result "1/2-1/2"]
[WhiteElo "1706"]
[BlackElo "1734"]
[PlyCount "53"]
[EventDate "2018.??.??"]
[SourceDate "2018.10.06"]

1. d4 f5 2. Bf4 Nf6 3. c4 e6 4. Nc3 Be7 5. e3 d5 6. Nf3 c6 7. Be2 O-O 8. Ne5
Nbd7 9. Nxd7 Bxd7 10. O-O Ne4 11. Qc2 g5 12. Be5 Bf6 13. Bxf6 Qxf6 14. f3 Nxc3
15. bxc3 Kh8 16. e4 dxe4 17. fxe4 g4 18. exf5 exf5 19. Bxg4 Qg5 20. Bf3 Rae8
21. Rae1 Re3 22. Qd2 Rfe8 23. Rxe3 Rxe3 24. Re1 f4 25. Rxe3 fxe3 26. Qe2 Kg7
27. Be4 1/2-1/2

[Event "SV Ibbenbüren 1 - SK Königsspringer Nor"]
[Site "Verbandsklasse 2018/2019"]
[Date "2018.09.15"]
[Round "1.6"]
[White "Wolf, Sergej"]
[Black "Steens, Rudolf"]
[Result "1/2-1/2"]
[WhiteElo "1734"]
[BlackElo "1779"]
[PlyCount "34"]
[EventDate "2018.??.??"]
[SourceDate "2018.10.06"]

1. d4 d5 2. Nf3 Nf6 3. Bg5 c6 4. c3 Nbd7 5. e3 e6 6. Nbd2 Be7 7. Bd3 O-O 8. O-O
b6 9. Rc1 Bb7 10. h3 c5 11. Re1 Re8 12. Qe2 Ne4 13. Bxe7 Qxe7 14. Ba6 Ndf6 15.
Bxb7 Qxb7 16. Nxe4 Nxe4 17. Nd2 Nxd2 1/2-1/2

[Event "SV Ibbenbüren 1 - SK Königsspringer Nor"]
[Site "Verbandsklasse 2018/2019"]
[Date "2018.09.15"]
[Round "1.7"]
[White "Schmidt, Ralf"]
[Black "Jonas, Robert"]
[Result "1/2-1/2"]
[WhiteElo "1597"]
[BlackElo "1672"]
[PlyCount "86"]
[EventDate "2018.??.??"]
[SourceDate "2018.10.06"]

1. d4 d5 2. Bf4 Nf6 3. e3 Bg4 4. Nf3 e6 5. c3 c6 6. Nbd2 Be7 7. Bd3 Nbd7 8. Qc2
c5 9. Ne5 c4 10. Nxg4 Nxg4 11. Be2 f5 12. Qd1 Ngf6 13. Bh5+ g6 14. Be2 O-O 15.
h4 Ne4 16. h5 g5 17. Be5 Nxe5 18. dxe5 Qc7 19. Nxe4 fxe4 20. O-O Qxe5 21. f4
exf3 22. Rxf3 Rxf3 23. Bxf3 Bd6 24. Qd4 Qh2+ 25. Kf2 Qg3+ 26. Ke2 Be5 27. Qg4
Qxg4 28. Bxg4 Kf7 29. b3 b5 30. bxc4 bxc4 31. Rb1 Re8 32. Kd2 Re7 33. Bf3 Rd7
34. Bg4 Ke7 35. Bf3 Bd6 36. Bg4 Kf6 37. Rf1+ Ke5 38. Rb1 Rf7 39. Ke2 Re7 40.
Kd2 Kf6 41. Ke2 Bg3 42. Rf1+ Kg7 43. Rb1 Bd6 1/2-1/2

[Event "SV Ibbenbüren 1 - SK Königsspringer Nor"]
[Site "Verbandsklasse 2018/2019"]
[Date "2018.09.15"]
[Round "1.8"]
[White "Sivakumaran, Methunraj"]
[Black "Tost, Ottfried"]
[Result "1-0"]
[WhiteElo "1551"]
[BlackElo "1413"]
[PlyCount "66"]
[EventDate "2018.??.??"]
[SourceDate "2018.10.06"]

1. d4 d5 2. c4 e6 3. Nf3 c6 4. Nc3 f5 5. g3 Bd6 6. c5 Bc7 7. Bg2 Nf6 8. Bf4 O-O
9. Bxc7 Qxc7 10. O-O Bd7 11. Ne5 Be8 12. f4 Nbd7 13. e3 h5 14. h3 Kh7 15. Nf3
Bf7 16. Qe2 g6 17. b4 Rh8 18. b5 Rag8 19. Rab1 Kh6 20. bxc6 bxc6 21. Ng5 Rg7
22. Qa6 Nb8 23. Qb7 Qd7 24. Rb4 Rf8 25. Rfb1 Bg8 26. Nf3 Ne4 27. Nxe4 fxe4 28.
Ne5 Qxb7 29. Rxb7 g5 30. Rxb8 gxf4 31. Rxf8 fxe3 32. g4 Kg5 33. Re1 Rb7 1-0